000 00460cam a2200169ua 4500
020 _a0-8412-0751-8
041 _aeng
_h
082 _a664
_bCHE/FO
100 _aCherry, John.P .
245 _aFood protein deteriaration : Mechanisams and functionality /
_cP.John Cherry.
_hTextual Documents
250 _a1 /
_b.
260 _aWashington :
_bAmerIcan chemical society ,
_c1982.
300 _a444 ; .
504 _a
942 _cBK
999 _c1526
_d1526